|
|
|
|
| LEADER |
00000nam0a2200000 4500 |
| 001 |
145320 |
| 005 |
20231031144024.0 |
| 010 |
|
|
|a 534500286X
|
| 020 |
|
|
|a RU
|b 91-46275
|
| 035 |
|
|
|a (RuTPU)RU\TPU\book\157523
|
| 090 |
|
|
|a 145320
|
| 100 |
|
|
|a 20081015d1991 m a0rusy5003 ca
|
| 101 |
0 |
|
|a rus
|
| 102 |
|
|
|a BY
|
| 105 |
|
|
|a a z 000zy
|
| 200 |
1 |
|
|a Бытовую радиоэлектронику ремонтируем сами
|f Г. А. Волонцевич
|
| 210 |
|
|
|a Минск
|c Полымя
|d 1991
|
| 215 |
|
|
|a 173 с.
|c схем.
|
| 610 |
1 |
|
|a радиоэлектронная аппаратура
|
| 610 |
1 |
|
|a бытовая радиоаппаратура
|
| 610 |
1 |
|
|a ремонт
|
| 610 |
1 |
|
|a маркировка
|
| 610 |
1 |
|
|a измерение
|
| 610 |
1 |
|
|a электронная аппаратура
|
| 610 |
1 |
|
|a приводные механизмы
|
| 610 |
1 |
|
|a питание
|
| 610 |
1 |
|
|a воспроизведение звука
|
| 610 |
1 |
|
|a запись звука
|
| 610 |
1 |
|
|a развертывающие устройства
|
| 610 |
1 |
|
|a телевизоры
|
| 610 |
1 |
|
|a радиоприемные устройства
|
| 610 |
1 |
|
|a неисправности
|
| 610 |
1 |
|
|a устранение
|
| 610 |
1 |
|
|a источники
|
| 675 |
|
|
|a 64
|v 3
|
| 700 |
|
1 |
|a Волонцевич
|b Г. А.
|g Геннадий Алексеевич
|
| 801 |
|
0 |
|a RU
|b RuMRKP
|c 19950417
|g psbo
|
| 801 |
|
1 |
|a RU
|b 63413507
|c 20081015
|g PSBO
|
| 801 |
|
2 |
|a RU
|b 63413507
|c 20160907
|g PSBO
|
| 942 |
|
|
|c BK
|